| 000 | 00382nam a2200145Ia 4500 | ||
|---|---|---|---|
| 005 | 20251222141914.0 | ||
| 008 | 251222s9999||||xx |||||||||||||| ||spa|| | ||
| 020 | _a84-7196-960-2 | ||
| 082 | _a657.48/M82 | ||
| 100 | _aMallo Rodriguez, Carlo | ||
| 245 | 0 | _aContabilidad AnalĂtica: | |
| 250 | _a4a.ed. | ||
| 264 | _bInstituto de Contabilidad y AuditorĂa de Cuentas | ||
| 942 | _cLIB | ||
| 999 |
_c8489 _d8489 |
||